All Baby Keem Songs - Statistics

General Stats
  • This quiz has been taken 659 times
    392 since last reset
  • The average score is 20 of 63
Answer Stats
Album Song % Correct
The Melodic Blue family ties
88%
DIE FOR MY B***H ORANGE SODA
80%
The Melodic Blue 16
76%
DIE FOR MY B***H HONEST
73%
The Melodic Blue trademark usa
73%
The Melodic Blue range brothers
70%
The Melodic Blue pink panties
62%
Hearts and Darts Baby Keem
61%
DIE FOR MY B***H STATS
61%
The Melodic Blue durag activity
60%
Single #3 The Hillbillies
60%
The Melodic Blue vent
58%
The Melodic Blue lost souls
56%
The Melodic Blue south africa
51%
The Melodic Blue cocoa
50%
The Melodic Blue booman
45%
DIE FOR MY B***H MOSHPIT
45%
DIE FOR MY B***H APOLOGIZE
44%
The Melodic Blue scars
44%
The Melodic Blue scapegoats
43%
Hearts and Darts Fortnite
42%
The Melodic Blue issues
41%
DIE FOR MY B***H FRANCE FREESTYLE
40%
The Melodic Blue gorgeous
38%
The Melodic Blue first order of business
36%
The Sound of Bad Habit Wolves
35%
DIE FOR MY B***H BULLIES
31%
DIE FOR MY B***H MY EX
30%
DIE FOR MY B***H ROCKSTAR P
30%
DIE FOR MY B***H INVENTED IT
29%
The Sound of Bad Habit Xmen
29%
DIE FOR MY B***H TOP RAMEN
28%
The Sound of Bad Habit Miss Charlotte
27%
Single #2 no sense
27%
DIE FOR MY B***H NOT MY BRO
27%
DIE FOR MY B***H BUSS HER UP
24%
The Sound of Bad Habit Gang Activities
23%
DIE FOR MY B***H SLICE INTERLUDE
22%
Hearts and Darts Locked In
21%
Hearts and Darts Vicious
21%
Hearts and Darts Half
20%
No Name Leverage
20%
The Sound of Bad Habit Opinions
19%
The Sound of Bad Habit Check Please
18%
The Sound of Bad Habit Monsters Dot Com
18%
The Sound of Bad Habit Extra
17%
The Sound of Bad Habit Register
17%
The Sound of Bad Habit So What
14%
The Sound of Bad Habit A New Day
13%
Oct Options
6%
No Name Drunk
5%
No Name 50 Habits
4%
Oct Ball Again
4%
Oct Fast
4%
Oct Gone
4%
No Name No Smoke
4%
Oct Radio
4%
Oct Stack It Up
4%
Oct Switchin' Lanes
4%
Oct Won't Fall in Love
4%
Oct Rookie of the Year
3%
No Name Truce
3%
Single Midnight
2%
No matching quizzes found
Score Distribution
Percent of People with Each Score
Percentile by Number Answered
Your Score History
You have not taken this quiz since the last reset